000 01004nmm a2200301 a 4500
001 ocm000602088
003 TR-IsHL
005 20201028130725.0
008 131010s1999 tu tur
007 cr cn
020 _a9789755123660
035 _a602088
_b(N$T)
050 0 4 _aHG4538
_b.S67 1999
090 0 4 _aHG4538
_b.S67 1999
245 1 0 _aSorularla Almanya yabancı sermaye mevzuatı
_h[electronic resource] /
_cder. Atilla İmrahor İlyas
250 _a1 bs.
260 _aİstanbul :
_bİstanbul Ticaret Odası,
_c1999
300 _a39 p.
650 4 _aEkonomi ve Finans
650 4 _aEconomics and Finance
650 0 _aYatırımlar, Dış
_x Almanya
650 0 _aInvestments, Foreign
_x Germany
650 0 _aYatırımlar
650 0 _aInvestments
650 7 _aBUSINESS & ECONOMICS / Investments & Securities / General
_2bisacsh
700 1 _aİlyas, Atilla İmrahor
856 4 0 _uhttp://search.ebscohost.com/login.aspx?direct=true&scope=site&db=e011xww&AN=602088
999 _c4177
_d4177